000
00312nam a2200097Ia 4500
082
_a
378.110968|ROOY
245
0
_a
Financial management in education in South Africa
100
_a
Van Rooyen, J. W. Pretoria (South Africa), 2013 1st ed
_9
63061
942
_c
BK
008
210817s9999 xx 000 0 und d
999
_c
199543
_d
199541